|
|
|
|
| LEADER |
01209nam a2200289 a 4500 |
| 001 |
43803 |
| 003 |
BD-DhAAL |
| 005 |
20250814181419.0 |
| 008 |
241203t1991 enka 001 0 eng |
| 010 |
|
|
|a 91019623
|
| 020 |
|
|
|a 0521414156
|
| 020 |
|
|
|a 0521424631 (pbk.)
|
| 040 |
|
|
|a DLC
|c DLC
|d DLC
|d BD-DhAAL
|
| 050 |
0 |
0 |
|a QC33
|b .L9 1991
|
| 082 |
0 |
0 |
|a 500.20724
|2 20
|
| 100 |
1 |
|
|a Lyons, Louis.
|9 57236
|
| 245 |
1 |
2 |
|a A practical guide to data analysis for physical science students /
|c Louis Lyons.
|
| 260 |
|
|
|a Cambridge [England] ;
|a New York :
|b Cambridge University Press,
|c 1991.
|
| 300 |
|
|
|a xii, 95 pages :
|b illustrations ;
|c 23 cm.
|
| 500 |
|
|
|a Includes index.
|
| 541 |
|
|
|a Donated by Oishik Hasan ID: 20311002
|e 43803
|
| 650 |
|
0 |
|a Physics
|x Experiments
|x Statistical methods.
|9 57237
|
| 740 |
0 |
|
|a Data analysis for physical science students.
|
| 852 |
|
|
|a Ayesha Abed Library
|c General Stacks
|
| 942 |
|
|
|2 ddc
|c BK
|
| 999 |
|
|
|c 47179
|d 47179
|
| 952 |
|
|
|0 0
|1 0
|2 ddc
|4 0
|6 500_207240000000000_LYO
|7 0
|9 77003
|a BRACUL
|b BRACUL
|c GEN
|d 2024-12-03
|e Donated by Oishik Hasan ID: 20311002
|l 0
|o 500.20724 LYO
|p 3010043803
|r 2024-12-03
|t 1
|w 2024-12-03
|y BK
|x Donated by Oishik Hasan ID: 20311002. Price not available in register
|